Responses for Show #7483 - Wednesday, March 8, 2017

Contestants

[<< previous game]

Annie Marggraf, an unemployed bartender from Vancouver, Washington

John Paul Gove, a social media marketer and go-go dancer from Laverne, California

Todd DeFilippi, a software engineer from Mountain View, California (whose 1-day cash winnings total $24,583)

[next game >>]

Jeopardy! Round responses

PRESIDENTIAL CELEBS?
SPECIAL MONTHS
PLAYS & PLAYWRIGHTS
NATIONALITEASE
MUSIC SOOTHES
THE SAVAGE BEAST
    $200 9
Hugh Grant

Annie
    $200 7
yoga

John Paul
    $200 2
the assassination of President Lincoln

Annie
    $200 1
Russian

Annie
    $200 18
bluegrass

Todd
    $200 3
Animal Planet

John Paul
    $400 10
Cynthia Nixon

Todd
    $400 8
pride

Todd
    $400 6
(Todd: What is A Winter's Tale?)
(Annie: What is Midnum--Midnum--[Laughs]--Midsummer's Night Dream?)

Twelfth Night

ToddAnnie
Triple Stumper
    $400 4
Mexican (Mexico accepted)

John Paul
    $400 20
karaoke

Annie
    $400 19
caterpillars

Annie
    $600 11
Isaiah Washington

Annie
    $600 14
April

Todd
    $600 28
(Todd: What is Glasnost?)
[The end-of-round signal sounds.]

Angels in America

ToddAnnie
    $600 5
Chinese

Annie
    $600 21
humpback whales

Todd
    $600 25
Zoo

Todd
    $800 12
Don Adams

Triple Stumper
    $800 16
egg nog

Annie
    $800 15
(Todd: What is Viennese?)
(John Paul: What is German?)
(Annie: What is Austrian?)

Hungarian

ToddJohn PaulAnnie
Triple Stumper
    $800 23
Muzak

John Paul
    $800 26
bees

Todd
    $1000 13
Kennedy

Annie
    $2,400 17
asthma & allergies

Annie
    $1000 22
Egyptian

Annie
    $1000 24
(John Paul: What's "Hava Nagila"?)
...
(Alex: You got the song right, but we were looking for the dance, which is [*]. We have less than a minute to go now, John Paul.)

the hora

John Paul
Triple Stumper
    $1000 27
(John Paul: What's tiger?)
(Alex: Yyyes. ...Be more specific.)

Bengal tiger

John Paul

Scores at the first commercial break (after clue 15):

Todd John Paul Annie
$200 $0 $1,600

Scores at the end of the Jeopardy! Round:

Todd John Paul Annie
$1,800 $800 $7,200

Double Jeopardy! Round responses

SUMMING UP OSCAR'S BEST PICTURE
(Alex: Identify the film for us.)
EDIBLE EXPRESSIONS
CLOCKS
OCEANIA!
EARLY AMERICAN HISTORY
"HY"-ER EDUCATION
    $400 22
Argo

Todd
    $400 3
a couch potato

Annie
    $400 2
an hourglass

Annie
    $400 1
the Alps

Annie
    $400 11
the Mayflower

John Paul
    $400 15
hypodermic

Annie
    $800 6
Dances with Wolves

Annie
    $800 4
icing the cake

Annie
    $3,000 19
(Todd: What are glockenspiels?)

cuckoo clocks

Todd
    $800 25
Tahiti

John Paul
    $800 10
(Todd: Who is Magellan?)

Drake

ToddJohn Paul
    $800 16
hypothalamus

John Paul
    $1200 7
All About Eve

Annie
    $1200 5
(Annie: What is dangling the carrot?)
(Alex: Need more than that.)
(Annie: Uh...)
(Alex: No.)

a carrot & stick (approach)

ToddAnnie
    $1200 27
[The end-of-round signal sounds.]

a grandfather clock

Annie
    $1200 12
Parris Island

Annie
    $1200 17
hyperbaric chamber

Annie
    $1600 8
The Apartment

Todd
    $1600 20
[Alex read "MYOB" as "mind your own business".]

porridge

Annie
    $1600 23
(Alex: Less than a minute now.)

the Solomon Islands

Todd
    $1600 13
(Annie: Who is John Wellesley?)
(Alex: Yes.)
(Annie: Wesley, sorry.)
(Alex: Wesley, yes.)

John Wesley

Annie
    $1600 18
(Annie: What is chrysanthemum?)

hydrangea

ToddAnnie
    $2,600 9
(Alex: Meryl and Dustin.)

Kramer vs. Kramer

Todd
    $2000 21
(Todd: What are apples?)
(John Paul: What are fishers--fishers--fishermen--fishermen--fishers of men?)

salt of the earth

ToddJohn Paul
Triple Stumper
    $2000 26
(Todd: What is... [sighs] Illyria?)

Melanesia

ToddAnnie
    $2000 14
(Todd: What is El Dorado?)

CĂ­bola

Todd
Triple Stumper
    $2000 24
(Annie: What is a hydrometer? ... Hydrometer?)

a hygrometer

John PaulAnnie

Scores at the end of the Double Jeopardy! Round:

Todd John Paul Annie
$1,000 $3,600 $15,600
(lock game)

[wagering suggestions for these scores]

Final Jeopardy! Round responses

CHILDREN'S AUTHORS
ToddWho is Beatrix Potter???
$1,000
John PaulWho is PL Travers?
$0
AnnieWho was Beatrix Potter
$4,400
Beatrix Potter

Final scores:

Todd John Paul Annie
$2,000 $3,600 $20,000
3rd place: $1,000 2nd place: $2,000 New champion: $20,000

Game dynamics:

Coryat scores:

Todd John Paul Annie
$3,400 $3,600 $14,200
13 R
(including 1 DD),
8 W
(including 1 DD)
10 R,
3 W
25 R
(including 1 DD),
5 W

Combined Coryat: $21,200

[game clues] [game scores] [suggest correction]

Game tape date: 2016-11-30
The J! Archive is created by fans, for fans. Scraping, republication, monetization, and malicious use prohibited; this site may use cookies and collect identifying information. See terms. The Jeopardy! game show and all elements thereof, including but not limited to copyright and trademark thereto, are the property of Jeopardy Productions, Inc. and are protected under law. This website is not affiliated with, sponsored by, or operated by Jeopardy Productions, Inc. Join the discussion at JBoard.tv.